[Event "FRA-chT1 1011"]
[Site "France"]
[Date "2010.11.14"]
[Round "3.5"]
[White "Py, Jean"]
[Black "Couty, Olivier"]
[Result "1-0"]
[WhiteElo "2114"]
[BlackElo "1947"]
[PlyCount "67"]
[EventDate "2010.10.17"]
[EventType "team-tourn"]
[EventRounds "11"]
[EventCountry "FRA"]
[SourceTitle "EXT 2012"]
[Source "ChessBase"]
[SourceDate "2011.11.24"]
[SourceVersion "1"]
[SourceVersionDate "2011.11.24"]
[SourceQuality "1"]

1. d4 Nf6 2. Nf3 c5 3. c3 b6 4. Bf4 e6 5. e3 Be7 6. Nbd2 0-0 7. Bd3 d6 8. h4 Nbd7 9. Qe2 Qc7 10. 0-0-0 Nd5 11. Bh2 cxd4 12. exd4 b5 13. Kb1 N7f6 14. Rc1 Bd7 15. Ng5 Rab8 16. g4 Qb6 17. f3 a5 18. Nge4 g6 19. h5 Rfc8 20. hxg6 hxg6 21. Bg3 Kg7 22. Rh2 b4 23. Nxf6 Bxf6 24. Rch1 Nxc3+ 25. bxc3 bxc3+ 26. Nb3 a4 27. Rh7+ Kf8 28. Qh2 Ke7 29. Rxf7+ Kxf7 30. Qh7+ Bg7 31. Qxg6+ Kf8 32. Rh7 Qxd4 33. Bxd6+ Kg8 34. Rh8+ 1-0

[Event "FRA-chT1 0910"]
[Site "France"]
[Date "2009.12.13"]
[Round "7.6"]
[White "Py, Jean"]
[Black "Boursier, Julien"]
[Result "0-1"]
[WhiteElo "2148"]
[BlackElo "2106"]
[PlyCount "121"]
[EventDate "2009.09.27"]
[EventType "team-tourn"]
[EventRounds "11"]
[EventCountry "FRA"]
[SourceTitle "EXT 2011"]
[Source "ChessBase"]
[SourceDate "2010.11.26"]
[SourceVersion "1"]
[SourceVersionDate "2010.11.26"]
[SourceQuality "1"]

1. d4 d5 2. Nf3 Nf6 3. Bf4 c6 4. e3 Nbd7 5. h3 Ne4 6. Bd3 Ndf6 7. Nbd2 g6 8. Be5 Nxd2 9. Qxd2 Bg7 10. g4 0-0 11. 0-0-0 Ne4 12. Bxe4 dxe4 13. Bxg7 Kxg7 14. Ne5 Be6 15. Qc3 Qd5 16. b3 a5 17. Qb2 f6 18. Nc4 b5 19. Nb6 Qd6 20. Nxa8 Rxa8 21. g5 a4 22. gxf6+ exf6 23. Rd2 b4 24. d5 Bxd5 25. Qd4 axb3 26. cxb3 Qe6 27. Rhd1 Qxh3 28. Qxb4 Ra7 29. Qc5 Qd7 30. Kb2 Qc7 31. a3 Qb7 32. b4 Qa6 33. b5 Rb7 34. Ka1 Qa5 35. Rb2 Ra7 36. Rc1 Qxa3+ 37. Qxa3 Rxa3+ 38. Kb1 cxb5 39. Rxb5 Rb3+ 40. Rxb3 Bxb3 41. Kb2 Bg8 42. Kc3 f5 43. Kd4 Kf6 44. Rc8 Bb3 45. Rc3 Bd1 46. Rc6+ Kg5 47. Ke5 h5 48. Rc1 Bf3 49. Rg1+ Bg4 50. Ke6 h4 51. Kf7 h3 52. Kg7 Kh4 53. Rh1 Bf3 54. Rh2 g5 55. Kf6 Kg4 56. Ke5 Bg2 57. Kf6 f4 58. exf4 gxf4 59. Ke5 e3 60. fxe3 fxe3 61. Kd4 0-1

[Event "FRA-chT2 South 0708"]
[Site "France"]
[Date "2007.11.25"]
[Round "3.5"]
[White "Py, Jean"]
[Black "Djingarova, Emilia"]
[Result "0-1"]
[WhiteElo "2140"]
[BlackElo "2296"]
[PlyCount "112"]
[EventDate "2007.10.21"]
[EventType "team-tourn"]
[EventRounds "11"]
[EventCountry "FRA"]
[SourceTitle "EXT 2009"]
[Source "ChessBase"]
[SourceDate "2008.11.26"]
[SourceVersion "1"]
[SourceVersionDate "2008.11.26"]
[SourceQuality "1"]
[WhiteTeam "Montpellier Diagonale"]
[BlackTeam "Saint Affrique"]
[WhiteTeamCountry "FRA"]
[BlackTeamCountry "FRA"]

1. d4 b6 2. Nf3 Bb7 3. Bf4 Nf6 4. h3 g6 5. e3 Bg7 6. Be2 0-0 7. Nbd2 d6 8. 0-0 c5 9. c3 Re8 10. a4 Nc6 11. Nc4 cxd4 12. exd4 Nd5 13. Bc1 Rc8 14. Qb3 Qc7 15. Re1 e5 16. dxe5 dxe5 17. a5 e4 18. Nh2 h5 19. axb6 axb6 20. Nf1 Ne5 21. Nxe5 Bxe5 22. Bb5 Re6 23. Ra7 Qb8 24. Ra4 Rc5 25. c4 Nf4 26. Be3 Nd3 27. Rb1 Rc7 28. Qa2 Qd8 29. b4 Bf4 30. Qe2 Qg5 31. Ra2 Bxe3 32. Qxe3 Nf4 33. Qg3 Qf6 34. Ne3 Rd6 35. h4 Rc8 36. Qg5 Qxg5 37. hxg5 Bc6 38. c5 bxc5 39. bxc5 Rdd8 40. Bf1 Ne6 41. Rc1 Nxg5 42. Ra7 Ne6 43. Bc4 Rc7 44. Ra2 Nf4 45. Rca1 Rdd7 46. Ra6 Kg7 47. Rxc6 Rxc6 48. Bb5 Rdc7 49. Bxc6 Rxc6 50. Ra4 f5 51. f3 Nd3 52. fxe4 f4 53. Nd5 Rxc5 54. Ra7+ Kh6 55. Rf7 Rc1+ 56. Kh2 Kg5 0-1

[Event "FRA-chT2S 9899"]
[Site "France"]
[Date "1999.??.??"]
[Round "8"]
[White "Py, Jean"]
[Black "Amato, Roger"]
[Result "1-0"]
[WhiteElo "2175"]
[BlackElo "2209"]
[PlyCount "131"]
[EventDate "1998.??.??"]
[EventType "team-tourn"]
[EventRounds "9"]
[EventCountry "FRA"]
[SourceTitle "EXT 2002"]
[Source "ChessBase"]
[SourceDate "2001.11.25"]
[SourceVersion "1"]
[SourceVersionDate "2001.11.25"]
[SourceQuality "1"]

1. d4 Nf6 2. Nf3 g6 3. Bf4 Bg7 4. e3 d5 5. Be2 c5 6. c3 Nc6 7. h3 0-0 8. Nbd2 Qb6 9. Qb3 Qa5 10. Ne5 c4 11. Nxc6 bxc6 12. Qd1 Nd7 13. 0-0 e5 14. Bg3 f5 15. dxe5 Nxe5 16. Nf3 Nf7 17. Qc2 Bd7 18. Rfd1 Rfe8 19. Bxc4 f4 20. Bxf4 Bxh3 21. Be2 Bf5 22. Qd2 Rad8 23. Nd4 Bd7 24. Bf3 Qc5 25. b4 Qe7 26. b5 cxb5 27. Bxd5 Qc5 28. Bxf7+ Kxf7 29. Qb2 Rc8 30. Qb3+ Qc4 31. Bd6 Be6 32. Qa3 Qxc3 33. Qxa7+ Kg8 34. Nxb5 Qc6 35. Rab1 Bd5 36. Rdc1 Qxc1+ 37. Rxc1 Rxc1+ 38. Kh2 Ra8 39. Qd7 Bxa2 40. Nd4 Bf7 41. Nc6 Rd1 42. Ne7+ Kh8 43. Nc8 Bg8 44. Qg4 Rd2 45. Bg3 h5 46. Qb4 Rd1 47. Ne7 Bf7 48. Bh4 Kh7 49. Qb7 Rad8 50. f4 R8d7 51. Qe4 Bf8 52. f5 Bxe7 53. Bxe7 gxf5 54. Qxf5+ Bg6 55. Qf8 R1d2 56. e4 Re2 57. Bg5 Bf7 58. Qh6+ Kg8 59. Bf6 Be6 60. Qh8+ Kf7 61. Qxh5+ Kxf6 62. Qxe2 Rh7+ 63. Kg3 Rg7+ 64. Kf4 Rg5 65. g3 Rg7 66. Qh5 1-0

[Event "FRA-chT2S 9798"]
[Site "France"]
[Date "1998.??.??"]
[Round "9"]
[White "Py, Jean"]
[Black "Blanc, Sebastien"]
[Result "1-0"]
[WhiteElo "2180"]
[BlackElo "2080"]
[PlyCount "54"]
[EventDate "1997.??.??"]
[EventType "team-tourn"]
[EventRounds "9"]
[EventCountry "FRA"]
[SourceTitle "EXT 2003"]
[Source "ChessBase"]
[SourceDate "2002.11.25"]
[SourceVersion "1"]
[SourceVersionDate "2002.11.25"]
[SourceQuality "1"]

1. d4 g6 2. Nf3 Bg7 3. Bf4 Nf6 4. e3 d6 5. h3 c6 6. Nbd2 Nbd7 7. Be2 0-0 8. 0-0 c5 9. c3 b6 10. a4 a6 11. Rc1 Bb7 12. Bh2 Rc8 13. b4 cxb4 14. cxb4 Rxc1 15. Qxc1 Qa8 16. Qb2 Rc8 17. b5 axb5 18. Bxb5 Rc7 19. Rc1 Qc8 20. Nc4 Bh6 21. Nfd2 Qa8 22. f3 Qc8 23. Kf2 Bc6 24. Nxd6 exd6 25. Bxd6 Nd5 26. e4 Nf4 27. Bxc7 Bxb5 1-0

[Event "FRA-chT2S 9798"]
[Site "France"]
[Date "1998.??.??"]
[Round "?"]
[White "Py, Jean"]
[Black "De Labaca, Romuald"]
[Result "1/2-1/2"]
[WhiteElo "2180"]
[BlackElo "1980"]
[PlyCount "78"]
[EventDate "1997.??.??"]
[EventType "team-tourn"]
[EventRounds "9"]
[EventCountry "FRA"]
[SourceTitle "EXT 2003"]
[Source "ChessBase"]
[SourceDate "2002.11.25"]
[SourceVersion "1"]
[SourceVersionDate "2002.11.25"]
[SourceQuality "1"]

1. d4 Nf6 2. Bg5 Ne4 3. Bf4 c5 4. c3 Qb6 5. Bc1 cxd4 6. Qxd4 Qxd4 7. cxd4 Nc6 8. e3 d5 9. f3 Nf6 10. Bd2 Bf5 11. Bb5 e6 12. Nc3 Rc8 13. g4 Bg6 14. Nge2 Bd6 15. 0-0 a6 16. Bxc6+ Rxc6 17. Rfc1 Bd3 18. Nf4 Bxf4 19. exf4 h5 20. h3 Kd7 21. Na4 b6 22. Rxc6 Kxc6 23. Rc1+ Kb7 24. b3 hxg4 25. hxg4 Bb5 26. Nc3 Bd3 27. Na4 Bb5 28. Nc3 Bd3 29. Kf2 a5 30. Ke3 Ba6 31. Nd1 Rh3 32. Nf2 Rh8 33. Be1 Rc8 34. Rxc8 Kxc8 35. Nh3 Kd7 36. Ng5 Ke8 37. Nh3 Kd7 38. Ng5 Ke8 39. Nh3 Kd7 1/2-1/2

[Event "FRA-chT2S 9798"]
[Site "France"]
[Date "1998.??.??"]
[Round "7"]
[White "Py, Jean"]
[Black "Wiorek, Jean Michel"]
[Result "0-1"]
[WhiteElo "2180"]
[BlackElo "2170"]
[PlyCount "88"]
[EventDate "1997.??.??"]
[EventType "team-tourn"]
[EventRounds "9"]
[EventCountry "FRA"]
[SourceTitle "EXT 2003"]
[Source "ChessBase"]
[SourceDate "2002.11.25"]
[SourceVersion "1"]
[SourceVersionDate "2002.11.25"]
[SourceQuality "1"]

1. d4 g6 2. Nf3 c5 3. c3 cxd4 4. cxd4 Bg7 5. Nc3 Nf6 6. g3 d6 7. Bg2 0-0 8. 0-0 Nc6 9. Re1 Qb6 10. h3 e5 11. d5 Ne7 12. e4 h6 13. Qe2 g5 14. Be3 Qd8 15. Rac1 a6 16. Nh2 Ng6 17. Rc2 Bd7 18. Rec1 Rc8 19. b4 Ne8 20. a4 f5 21. a5 f4 22. Bb6 Qe7 23. g4 f3 24. Bxf3 Nf4 25. Qf1 h5 26. Be2 Kf7 27. Be3 Rh8 28. Bxf4 exf4 29. Qg2 hxg4 30. Nxg4 Nf6 31. e5 dxe5 32. Nxf6 Bxf6 33. Bg4 Rh4 34. Ne4 Rxc2 35. Rxc2 Bxg4 36. Nxf6 Kxf6 37. hxg4 Qxb4 38. Rc1 Qd2 39. Rb1 Qe2 40. Rb6+ Kf7 41. Rxb7+ Ke8 42. f3 Qe1+ 43. Qf1 Rh1+ 44. Kxh1 Qxf1+ 0-1

[Event "FRA-chT2S"]
[Site "France"]
[Date "1997.??.??"]
[Round "4"]
[White "Py, Jean"]
[Black "Orlandi, Xavier"]
[Result "1/2-1/2"]
[WhiteElo "2190"]
[BlackElo "2080"]
[PlyCount "160"]
[EventDate "1997.??.??"]
[EventType "team-tourn"]
[EventRounds "9"]
[EventCountry "FRA"]
[SourceTitle "EXT 2007"]
[Source "ChessBase"]
[SourceDate "2006.11.23"]
[SourceVersion "1"]
[SourceVersionDate "2006.11.23"]
[SourceQuality "1"]
[WhiteTeam "Montpellier"]
[BlackTeam "La Ciotat"]
[WhiteTeamCountry "FRA"]
[BlackTeamCountry "FRA"]

1. d4 c6 2. Nf3 Nf6 3. Bf4 g6 4. e3 Bg7 5. Nbd2 d5 6. Bd3 0-0 7. h3 Nbd7 8. 0-0 Re8 9. Ne5 Nxe5 10. Bxe5 Nd7 11. Bxg7 Kxg7 12. f4 Qb6 13. Rb1 c5 14. c3 cxd4 15. exd4 e5 16. fxe5 Nxe5 17. Bc2 Be6 18. Rf2 Nd7 19. Qf3 f5 20. Bb3 Qd6 21. Re2 Nf6 22. Rbe1 Ne4 23. Qd3 a6 24. Nf3 Qg3 25. Ne5 Qxd3 26. Nxd3 b5 27. Nb4 Red8 28. g4 a5 29. gxf5 gxf5 30. Nd3 Kf6 31. Nf4 Bf7 32. Kh2 a4 33. Bc2 Rg8 34. a3 Rg7 35. Bd3 Rb8 36. Re3 Rg5 37. Bf1 h6 38. Bg2 Rbg8 39. Bf3 Rb8 40. R3e2 Rbg8 41. Rg2 Ke7 42. Reg1 Kd6 43. h4 Rxg2+ 44. Rxg2 Rxg2+ 45. Kxg2 Nd2 46. Be2 Nc4 47. Bxc4 bxc4 48. Kg3 Ke7 49. Ng2 Ke6 50. Kf4 Be8 51. Ne3 Bg6 52. Nc2 Be8 53. Nb4 Bb5 54. Kg3 Be8 55. Kf4 Bb5 56. Nc2 Be8 57. Ne3 Bg6 58. Nf1 Bf7 59. Ng3 Bg6 60. Ke3 Kf6 61. Ne2 Bf7 62. Nf4 Ke7 63. Kf3 Kf6 64. Kg3 Bg8 65. Ne2 Bf7 66. Nc1 Be8 67. Na2 Ke6 68. Nb4 Bb5 69. Kf4 Be8 70. Na6 Kf6 71. Nc7 Bf7 72. h5 Be6 73. Na8 Bd7 74. Nc7 Be6 75. Nb5 Bd7 76. Nd6 Be6 77. Nb5 Bf7 78. Na7 Be6 79. Kg3 Bf7 80. Kh4 Be6 1/2-1/2